[Event "Tradewise Gibraltar Masters 14th"]
[Site "Gibraltar"]
[Date "2016.01.26"]
[Round "1.74"]
[White "Nordquelle, Daniel"]
[Black "Xu, Xiangyu"]
[Result "1/2-1/2"]
[WhiteElo "2102"]
[BlackElo "2466"]
[PlyCount "113"]
[EventDate "2016.01.26"]
[EventType "swiss"]
[EventRounds "10"]
[EventCountry "GGB"]
[Source "www.saund.co.uk"]
[SourceDate "2005.02.07"]

1. e4 c5 2. c3 Nf6 3. e5 Nd5 4. d4 cxd4 5. Nf3 Nc6 6. cxd4 d6 7. Bc4 dxe5 8.
Nxe5 e6 9. O-O Be7 10. Nc3 O-O 11. Re1 Nxe5 12. dxe5 Nxc3 13. bxc3 Qxd1 14.
Rxd1 Rd8 15. Rxd8+ Bxd8 16. Be3 b6 17. Rd1 Bb7 18. f4 Bc6 19. Rd6 Be8 20. Ba6
Be7 21. Rd3 h5 22. c4 Kf8 23. Kf2 g6 24. g3 Bc6 25. Rd1 Ke8 26. Ke2 Rb8 27. Rd2
Bd7 28. Bb5 Bxb5 29. cxb5 Rc8 30. Kd3 Rc1 31. Rc2 Ra1 32. Bd4 Rd1+ 33. Rd2 Rh1
34. Rc2 Kd7 35. Rb2 Kc7 36. Rc2+ Kd7 37. Rb2 Kc7 38. Rc2+ Kb7 39. Rb2 Bc5 40.
Be3 Ra1 41. Ke2 Rh1 42. Kd3 Re1 43. Bf2 Rd1+ 44. Kc3 Ba3 45. Rb3 Be7 46. Rb2
Ba3 47. Rb3 Bc5 48. Rb2 Be7 49. Rc2 Rb1 50. Rb2 Rc1+ 51. Rc2 Rb1 52. Rb2 Rf1
53. Be3 h4 54. Kd3 hxg3 55. hxg3 Rf3 56. Ke4 Rxg3 57. Rh2 1/2-1/2

[Event "Tradewise Gibraltar Masters 14th"]
[Site "Gibraltar"]
[Date "2016.01.26"]
[Round "1.75"]
[White "Kashlinskaya, Alina"]
[Black "Weeramantry, Sunil"]
[Result "1/2-1/2"]
[WhiteElo "2462"]
[BlackElo "2099"]
[PlyCount "117"]
[EventDate "2016.01.26"]
[EventType "swiss"]
[EventRounds "10"]
[EventCountry "GGB"]
[Source "www.saund.co.uk"]
[SourceDate "2005.02.07"]

1. d4 Nf6 2. c4 g6 3. Nf3 Bg7 4. g3 O-O 5. Bg2 d6 6. Nc3 Nc6 7. O-O Bg4 8. d5
Na5 9. Nd2 c5 10. Qc2 a6 11. h3 Bd7 12. b3 Rb8 13. Bb2 b5 14. Rab1 Qc8 15. Kh2
Qc7 16. e4 e5 17. Ne2 bxc4 18. bxc4 Rb4 19. Bc3 Ra4 20. Ba1 Rb8 21. f4 Rab4 22.
Bc3 Ba4 23. Qd3 Rxb1 24. Rxb1 Rxb1 25. Qxb1 Nd7 26. Qc1 exf4 27. gxf4 Nb7 28.
Bxg7 Kxg7 29. Nc3 Nb6 30. Qa3 Bd7 31. Qxa6 Bc8 32. Qa3 g5 33. Qb2 Kg8 34. fxg5
Qe7 35. Kh1 Qxg5 36. Nf3 Nxc4 37. Nxg5 Nxb2 38. Bf1 Bd7 39. Kg2 Na5 40. Kf2 Kg7
41. Ke1 h6 42. Nf3 Kf6 43. e5+ Kf5 44. exd6 Kf4 45. Kf2 Nb7 46. Bb5 Nd1+ 47.
Nxd1 Bxb5 48. Nc3 Bd7 49. a4 Bxh3 50. Nd2 Ke5 51. Nb3 Nxd6 52. a5 c4 53. a6 Nc8
54. Nc5 Kd4 55. N5e4 Bd7 56. Nf6 Kxc3 57. Nxd7 Kd4 58. d6 Kd5 59. Ne5 1/2-1/2

[Event "Tradewise Gibraltar Masters 14th"]
[Site "Gibraltar"]
[Date "2016.01.26"]
[Round "1.76"]
[White "Pakosta, Miroslav"]
[Black "Carlstedt, Jonathan"]
[Result "1-0"]
[WhiteElo "2097"]
[BlackElo "2461"]
[PlyCount "115"]
[EventDate "2016.01.26"]
[EventType "swiss"]
[EventRounds "10"]
[EventCountry "GGB"]
[Source "www.saund.co.uk"]
[SourceDate "2005.02.07"]

1. e4 e6 2. d4 d5 3. e5 c5 4. c3 Nc6 5. Nf3 Qb6 6. a3 f6 7. exf6 Nxf6 8. Bd3 c4
9. Bc2 Bd6 10. Nbd2 O-O 11. O-O Qc7 12. b4 a6 13. h3 Bd7 14. Re1 Rae8 15. Nf1
e5 16. dxe5 Nxe5 17. Nd4 Nd3 18. Rxe8 Rxe8 19. Bxd3 cxd3 20. Bb2 Qc4 21. Qf3
Ne4 22. Ne3 Qc8 23. Nxd5 d2 24. Qd3 Qb8 25. Nf3 Qa7 26. Ne3 Nxf2 27. Kxf2 Bb5
28. c4 Ba4 29. Qxd2 Bf4 30. Re1 Qb8 31. Qd4 Re7 32. Nd5 Bg3+ 33. Kf1 Rf7 34.
Re7 Qf8 35. Rxf7 Qxf7 36. Qg4 Bd6 37. Nf6+ Kh8 38. Nh5 Bf8 39. Nxg7 Bxg7 40.
Qxg7+ Qxg7 41. Bxg7+ Kxg7 42. Kf2 Kf6 43. Ke3 Bb3 44. Kd4 h5 45. g3 Bd1 46. Nd2
Ba4 47. Ne4+ Ke7 48. Ke5 Bd7 49. h4 Bg4 50. Kf4 Be2 51. Kg5 Kd7 52. Nf6+ Kc6
53. Nxh5 Bxc4 54. Nf6 Kb5 55. h5 Ka4 56. Ne4 Kxa3 57. h6 Bg8 58. Nf6 1-0

[Event "Tradewise Gibraltar Masters 14th"]
[Site "Gibraltar"]
[Date "2016.01.26"]
[Round "1.77"]
[White "Prasanna, Raghuram Rao"]
[Black "Compton, Alistair"]
[Result "1-0"]
[WhiteElo "2460"]
[BlackElo "2094"]
[PlyCount "79"]
[EventDate "2016.01.26"]
[EventType "swiss"]
[EventRounds "10"]
[EventCountry "GGB"]
[Source "www.saund.co.uk"]
[SourceDate "2005.02.07"]

1. d4 e6 2. c4 d5 3. Nf3 c5 4. cxd5 exd5 5. g3 Nc6 6. Bg2 Nf6 7. O-O Be7 8. Nc3
O-O 9. dxc5 Bxc5 10. a3 Ne4 11. Qc2 Nxc3 12. Qxc3 Bb6 13. Qc2 h6 14. b4 Bg4 15.
Bb2 Rc8 16. Qd2 Re8 17. Rad1 Qe7 18. Rfe1 Rcd8 19. Nd4 Qf6 20. h3 Bxd4 21. Bxd4
Nxd4 22. hxg4 Nb5 23. Qd3 Nc3 24. Rc1 Ne4 25. Rf1 Qb6 26. Rc2 Nf6 27. Bf3 Rc8
28. Rfc1 Rxc2 29. Rxc2 Ne4 30. e3 Qf6 31. Kg2 Qe5 32. Qb5 Re7 33. Rc8+ Kh7 34.
Rd8 Nc3 35. Qd3+ g6 36. Bxd5 Qc7 37. Bf3 b6 38. Rd4 b5 39. Rd6 Kg8 40. Rc6 1-0

[Event "Tradewise Gibraltar Masters 14th"]
[Site "Gibraltar"]
[Date "2016.01.26"]
[Round "1.78"]
[White "Havik, Victor"]
[Black "Galyas, Miklos"]
[Result "0-1"]
[WhiteElo "2092"]
[BlackElo "2459"]
[PlyCount "76"]
[EventDate "2016.01.26"]
[EventType "swiss"]
[EventRounds "10"]
[EventCountry "GGB"]
[Source "www.saund.co.uk"]
[SourceDate "2005.02.07"]

1. d4 d6 2. e4 Nf6 3. Nc3 g6 4. f4 Bg7 5. Nf3 O-O 6. Bd3 Nc6 7. e5 dxe5 8. dxe5
Nd5 9. O-O Ndb4 10. Be4 Qxd1 11. Rxd1 Bf5 12. Bxf5 gxf5 13. Ne1 f6 14. a3 Na6
15. exf6 Bxf6 16. Be3 Rad8 17. Nf3 b6 18. Rxd8 Rxd8 19. Rd1 Bxc3 20. Rxd8+ Nxd8
21. bxc3 c5 22. Ne5 Nc7 23. c4 e6 24. Bf2 Nf7 25. Nc6 Nd6 26. Nxa7 Nxc4 27. a4
Nd5 28. g3 Nc3 29. Nc6 Nxa4 30. Nd8 e5 31. fxe5 Nxe5 32. Ne6 Nc3 33. Nf4 Kf7
34. Kf1 Ne4 35. Be1 Nf3 36. Ke2 Nxh2 37. c4 Nf6 38. Bc3 Nhg4 0-1

[Event "Tradewise Gibraltar Masters 14th"]
[Site "Gibraltar"]
[Date "2016.01.26"]
[Round "1.79"]
[White "Krush, Irina"]
[Black "Pabalan, Rocky"]
[Result "1-0"]
[WhiteElo "2458"]
[BlackElo "2089"]
[PlyCount "67"]
[EventDate "2016.01.26"]
[EventType "swiss"]
[EventRounds "10"]
[EventCountry "GGB"]
[Source "www.saund.co.uk"]
[SourceDate "2005.02.07"]

1. c4 Nf6 2. Nc3 e6 3. e4 Bb4 4. e5 Ng8 5. a3 Bxc3 6. dxc3 Qe7 7. Bf4 Nc6 8.
Nf3 b6 9. Be2 Bb7 10. a4 O-O-O 11. a5 f6 12. axb6 axb6 13. Qa4 g5 14. exf6 Nxf6
15. Bxg5 Rdg8 16. c5 Nb8 17. cxb6 cxb6 18. Qb5 Rxg5 19. Nxg5 Rg8 20. Bf3 d5 21.
Nh3 e5 22. Qxb6 e4 23. Be2 Nfd7 24. Qe3 Rxg2 25. Rg1 Rxh2 26. O-O-O Nf6 27. Qf4
Rxh3 28. Qf5+ Kc7 29. Qxh3 Bc8 30. Qh6 Bd7 31. Rg7 Qf8 32. Qf4+ Kb6 33. Rxd5
Qxg7 34. Qxb8+ 1-0

[Event "Tradewise Gibraltar Masters 14th"]
[Site "Gibraltar"]
[Date "2016.01.26"]
[Round "1.80"]
[White "De Rosa, Mariagrazia"]
[Black "Pogonina, Natalija"]
[Result "0-1"]
[WhiteElo "2088"]
[BlackElo "2454"]
[PlyCount "90"]
[EventDate "2016.01.26"]
[EventType "swiss"]
[EventRounds "10"]
[EventCountry "GGB"]
[Source "www.saund.co.uk"]
[SourceDate "2005.02.07"]

1. e4 e5 2. Nf3 Nc6 3. Bb5 a6 4. Ba4 Nf6 5. O-O b5 6. Bb3 Bb7 7. c3 Nxe4 8. d4
exd4 9. Re1 d5 10. Ng5 Qd7 11. f3 h6 12. Nxf7 Qxf7 13. fxe4 O-O-O 14. cxd4 Bb4
15. Nc3 Rhf8 16. Be3 Na5 17. e5 Nc4 18. Qe2 Nxe3 19. Qxe3 Qf4 20. Qxf4 Rxf4 21.
a3 Ba5 22. Rad1 Bb6 23. Ne2 Re4 24. Kh1 Rf8 25. Bc2 Re3 26. h3 c5 27. dxc5 Bxc5
28. Nc3 Rf2 29. Rxe3 Bxe3 30. Bg6 d4 31. Ne4 Bxe4 32. Bxe4 Rxb2 33. Bg6 Kd7 34.
Bf5+ Ke7 35. Bc8 a5 36. e6 Rc2 37. Bd7 b4 38. axb4 axb4 39. Rb1 Bf4 40. Kg1 Bg3
41. Kf1 b3 42. Ba4 Rf2+ 43. Kg1 b2 44. Bb3 d3 45. Ba2 Rc2 0-1

[Event "Tradewise Gibraltar Masters 14th"]
[Site "Gibraltar"]
[Date "2016.01.26"]
[Round "1.82"]
[White "Hagesaether, Arne"]
[Black "Kelires, Andreas"]
[Result "0-1"]
[WhiteElo "2086"]
[BlackElo "2444"]
[PlyCount "118"]
[EventDate "2016.01.26"]
[EventType "swiss"]
[EventRounds "10"]
[EventCountry "GGB"]
[Source "www.saund.co.uk"]
[SourceDate "2005.02.07"]

1. e4 c5 2. Nf3 d6 3. Bb5+ Nd7 4. d4 cxd4 5. Qxd4 a6 6. Bxd7+ Bxd7 7. c4 e5 8.
Qd3 b5 9. Nc3 bxc4 10. Qxc4 Qc8 11. Qd3 Qb7 12. O-O h6 13. Nd2 Bb5 14. Nc4 Bxc4
15. Qxc4 Nf6 16. Rd1 Be7 17. Qa4+ Qd7 18. Qxd7+ Kxd7 19. f4 Ke6 20. g3 Rab8 21.
b3 Rhc8 22. Bb2 Bd8 23. f5+ Kd7 24. Nd5 Nxe4 25. Bxe5 dxe5 26. Nf6+ Ke7 27.
Nxe4 Rb4 28. Nd6 Bb6+ 29. Kh1 Rc2 30. Rd5 Bd4 31. Rf1 f6 32. Re1 Rxa2 33. Rc1
Ra1 34. Nc8+ Ke8 35. Nd6+ Kf8 36. Rxa1 Bxa1 37. Ra5 Bd4 38. Rxa6 Rxb3 39. Kg2
Ke7 40. g4 Kd7 41. Ne4 Rb2+ 42. Kg3 Re2 43. Nxf6+ gxf6 44. Rxf6 e4 45. Re6 Bc5
46. h3 Bd6+ 47. Kh4 Bf4 48. Kh5 e3 49. Re4 Rf2 50. h4 e2 51. f6 Bd2 52. g5 hxg5
53. hxg5 e1=Q 54. Rxe1 Bxe1 55. g6 Ke6 56. f7 Bd2 57. f8=Q Rxf8 58. g7 Rg8 59.
Kg6 Bc3 0-1

[Event "Tradewise Gibraltar Masters 14th"]
[Site "Gibraltar"]
[Date "2016.01.26"]
[Round "1.83"]
[White "Salomon, Johan"]
[Black "Carlsten, Peter"]
[Result "1-0"]
[WhiteElo "2444"]
[BlackElo "2074"]
[PlyCount "129"]
[EventDate "2016.01.26"]
[EventType "swiss"]
[EventRounds "10"]
[EventCountry "GGB"]
[Source "www.saund.co.uk"]
[SourceDate "2005.02.07"]

1. d4 f5 2. c4 Nf6 3. Nf3 g6 4. Bf4 Bg7 5. Nc3 d6 6. e3 c6 7. Be2 O-O 8. c5
dxc5 9. Bc4+ Kh8 10. dxc5 Qa5 11. O-O Qxc5 12. Bb3 Qa5 13. Ne5 Na6 14. Nf7+ Kg8
15. Ne5+ e6 16. Qe1 Qd8 17. Nc4 Nd5 18. Rd1 g5 19. Bd6 Re8 20. Bg3 f4 21. exf4
gxf4 22. Bxf4 b5 23. Ne5 Qb6 24. Bg3 Nc5 25. Bc2 b4 26. Nc4 Qa6 27. Nd6 Rf8 28.
Nce4 Nxe4 29. Qxe4 Nf6 30. Qxb4 Qb6 31. Qc4 Nd5 32. Nxc8 Raxc8 33. Qe4 Nf6 34.
Qxe6+ Kh8 35. b3 Qa5 36. Qc4 Nd5 37. Qd3 Nf6 38. Bb1 Qh5 39. Qf5 Qxf5 40. Bxf5
Rcd8 41. Bc2 Nd5 42. Bh4 Rb8 43. Rfe1 Rf7 44. a4 Nb4 45. Be4 c5 46. f3 Na2 47.
Bd5 Rd7 48. Be6 Rdb7 49. Bc4 Nb4 50. Bf2 Nc2 51. Re4 Nd4 52. Rde1 Bf6 53. Bg3
Rd8 54. Re8+ Kg7 55. Rxd8 Bxd8 56. Re8 Bg5 57. Be5+ Kh6 58. f4 Be7 59. Kf2 Bh4+
60. g3 Be7 61. Ba6 Rd7 62. Bc8 Rd8 63. Rxd8 Bxd8 64. g4 Nxb3 65. Be6 1-0

[Event "Tradewise Gibraltar Masters 14th"]
[Site "Gibraltar"]
[Date "2016.01.26"]
[Round "1.84"]
[White "Biegel, Thomas"]
[Black "Shytaj, Luca"]
[Result "0-1"]
[WhiteElo "2069"]
[BlackElo "2443"]
[PlyCount "84"]
[EventDate "2016.01.26"]
[EventType "swiss"]
[EventRounds "10"]
[EventCountry "GGB"]
[Source "www.saund.co.uk"]
[SourceDate "2005.02.07"]

1. Nf3 Nf6 2. c4 g6 3. g3 Bg7 4. Bg2 O-O 5. d4 d6 6. O-O c6 7. Nc3 Qb6 8. b3 d5
9. cxd5 Nxd5 10. Na4 Qd8 11. Bb2 Nd7 12. Rc1 N5b6 13. Nc3 e5 14. dxe5 Nxe5 15.
Ba3 Re8 16. Ne4 Bg4 17. Qxd8 Rexd8 18. Be7 Re8 19. Ba3 Nec4 20. bxc4 Rxe4 21.
h3 Be6 22. Ng5 Rxe2 23. Nxe6 fxe6 24. c5 Nd5 25. Rb1 Rxa2 26. Rb3 a5 27. Re1 a4
28. Rd3 Bc3 29. Bxd5 Rxa3 30. Bxe6+ Kh8 31. Ree3 Ra1+ 32. Kg2 Bb4 33. Rd7 Bxc5
34. Rf3 Rf8 35. Rxb7 Rxf3 36. Kxf3 Re1 37. Bc4 Rc1 38. Be6 Rc2 39. Bd7 a3 40.
Rb8+ Kg7 41. Ra8 a2 42. Bxc6 Bd4 0-1

[Event "Tradewise Gibraltar Masters 14th"]
[Site "Gibraltar"]
[Date "2016.01.26"]
[Round "1.85"]
[White "Stark, Lars"]
[Black "Dasaolu, Rotimi"]
[Result "1-0"]
[WhiteElo "2440"]
[BlackElo "2060"]
[PlyCount "93"]
[EventDate "2016.01.26"]
[EventType "swiss"]
[EventRounds "10"]
[EventCountry "GGB"]
[Source "www.saund.co.uk"]
[SourceDate "2005.02.07"]

1. c4 Nf6 2. g3 c6 3. Bg2 d5 4. Nf3 g6 5. b3 Bg7 6. Bb2 O-O 7. O-O a5 8. Qc2
Na6 9. d3 Bg4 10. a3 Bxf3 11. Bxf3 d4 12. Nd2 Nd7 13. Rab1 Qc7 14. Bg2 Rfe8 15.
Bc1 Nac5 16. Nf3 a4 17. b4 Nb3 18. c5 e5 19. Nd2 Nxc1 20. Rfxc1 Bh6 21. Rd1
Bxd2 22. Rxd2 Kg7 23. Rdd1 Red8 24. Rdc1 Nf6 25. Qc4 Nd5 26. Bxd5 Rxd5 27. b5
Ra5 28. Rb4 Qd7 29. Rcb1 Qe7 30. Rxa4 Rxa4 31. Qxa4 Qxc5 32. bxc6 Qxc6 33. Qxc6
bxc6 34. Kf1 Ra5 35. Rb3 Rb5 36. Rxb5 cxb5 37. Ke1 Kf6 38. Kd2 Ke6 39. Kc2 Kd6
40. Kb3 Kc5 41. a4 bxa4+ 42. Kxa4 f5 43. f4 e4 44. Ka5 h6 45. Ka4 g5 46. h4
exd3 47. exd3 1-0

[Event "Tradewise Gibraltar Masters 14th"]
[Site "Gibraltar"]
[Date "2016.01.26"]
[Round "1.86"]
[White "Hamer, Martyn"]
[Black "Kollars, Dmitrij"]
[Result "0-1"]
[WhiteElo "2058"]
[BlackElo "2436"]
[PlyCount "102"]
[EventDate "2016.01.26"]
[EventType "swiss"]
[EventRounds "10"]
[EventCountry "GGB"]
[Source "www.saund.co.uk"]
[SourceDate "2005.02.07"]

1. d4 Nf6 2. Nf3 g6 3. c4 Bg7 4. g3 O-O 5. Bg2 d6 6. O-O Nbd7 7. Nc3 e5 8. e4
exd4 9. Nxd4 Re8 10. Rb1 a6 11. h3 Rb8 12. Be3 Ne5 13. b3 c5 14. Nde2 b5 15.
cxb5 axb5 16. Nf4 b4 17. Ncd5 Nxd5 18. Nxd5 Ba6 19. Re1 h6 20. f4 Nc6 21. Kh2
Nd4 22. Rc1 Nb5 23. e5 dxe5 24. Rxc5 Nc3 25. Nxc3 bxc3 26. Qc1 exf4 27. Bxf4
Rxe1 28. Qxe1 Rc8 29. Rxc8 Bxc8 30. Be4 Qe7 31. Qe2 Qe6 32. Qg2 g5 33. Be3 Be5
34. b4 Bd7 35. Bc5 Kg7 36. Bd5 Qf5 37. Be4 Qe6 38. Bd5 Qg6 39. Qe4 Qf6 40. Qg2
h5 41. Kh1 Bd4 42. Be4 Qe5 43. Bxd4 Qxd4 44. Bc2 Be6 45. Qe2 Bc4 46. Qe1 Bd5+
47. Kh2 Bxa2 48. b5 Bd5 49. b6 Bb7 50. Bb1 Kf8 51. Bc2 Qd5 0-1

[Event "Tradewise Gibraltar Masters 14th"]
[Site "Gibraltar"]
[Date "2016.01.26"]
[Round "1.87"]
[White "Akesson, Ralf"]
[Black "Myall, Ivan J"]
[Result "1-0"]
[WhiteElo "2435"]
[BlackElo "2049"]
[PlyCount "127"]
[EventDate "2016.01.26"]
[EventType "swiss"]
[EventRounds "10"]
[EventCountry "GGB"]
[Source "www.saund.co.uk"]
[SourceDate "2005.02.07"]

1. Nf3 d5 2. g3 Nf6 3. Bg2 c6 4. O-O Bf5 5. d3 Nbd7 6. c4 e6 7. Nc3 h6 8. Be3
Bd6 9. Qb3 Qc7 10. cxd5 Nxd5 11. Bd2 Nxc3 12. Bxc3 O-O 13. Rac1 e5 14. Nd2 Be6
15. Qc2 f5 16. b3 Nb6 17. Nc4 Nxc4 18. bxc4 Rac8 19. Qb2 b6 20. a4 Qe7 21. Rce1
Bd7 22. e3 e4 23. Rd1 Be6 24. dxe4 Bxc4 25. exf5 Ba3 26. Qa1 Bxf1 27. Bxf1 Bc5
28. Re1 Rxf5 29. Bh3 Rcf8 30. Bxf5 Rxf5 31. Qa2+ Qf7 32. Qc2 Rd5 33. Kg2 Rd7
34. Ba1 Qd5+ 35. e4 Qd2 36. Qc4+ Kf8 37. Re2 Qd3 38. Qa2 g6 39. Bf6 Qd6 40. Qb2
Bd4 41. Bxd4 Qxd4 42. Qc1 c5 43. Qxh6+ Qg7 44. Qg5 Rd3 45. h4 Qf7 46. Qg4 c4
47. e5 Qd5+ 48. Re4 Rd4 49. Qf3+ Ke8 50. Rxd4 Qxd4 51. e6 Qd6 52. Qf7+ Kd8 53.
Qxg6 c3 54. Qf6+ Ke8 55. Qxc3 Qd5+ 56. Qf3 Qxe6 57. Qa8+ Ke7 58. Qxa7+ Kf6 59.
Qb7 Kg6 60. Qf3 Kg7 61. Qf4 Qc6+ 62. Kh2 Qc2 63. h5 Qc5 64. g4 1-0

[Event "Tradewise Gibraltar Masters 14th"]
[Site "Gibraltar"]
[Date "2016.01.26"]
[Round "1.88"]
[White "Vilarnovo Caamano, Jose"]
[Black "Tischbierek, Raj"]
[Result "0-1"]
[WhiteElo "2043"]
[BlackElo "2433"]
[PlyCount "82"]
[EventDate "2016.01.26"]
[EventType "swiss"]
[EventRounds "10"]
[EventCountry "GGB"]
[Source "www.saund.co.uk"]
[SourceDate "2005.02.07"]

1. e4 c5 2. Nc3 a6 3. Nf3 d6 4. d4 cxd4 5. Nxd4 Nf6 6. Be2 e6 7. Be3 Be7 8. a4
Nc6 9. Nb3 b6 10. f4 Qc7 11. Bf3 Rb8 12. O-O O-O 13. Ne2 e5 14. f5 d5 15. exd5
Na5 16. Nxa5 bxa5 17. Ng3 Rxb2 18. Rf2 Bb7 19. c4 Rxf2 20. Bxf2 e4 21. Be2 Re8
22. Be3 Bd6 23. Qd2 h5 24. Rb1 h4 25. Nf1 Nd7 26. Kh1 Nc5 27. Qb2 Bc8 28. Bxc5
Qxc5 29. f6 Qf2 30. Bh5 e3 31. Qxf2 exf2 32. Rb2 Re5 33. Bf3 Re1 34. Rxf2 Bc5
35. Kg1 Ra1 36. Be2 Rxa4 37. Nd2 Ra1+ 38. Bf1 a4 39. Ne4 Bxf2+ 40. Kxf2 a3 41.
Nc3 Rc1 0-1

[Event "Tradewise Gibraltar Masters 14th"]
[Site "Gibraltar"]
[Date "2016.01.26"]
[Round "1.89"]
[White "Carlsson, Pontus"]
[Black "Berrocal Ruiz, Valentin"]
[Result "1-0"]
[WhiteElo "2430"]
[BlackElo "2040"]
[PlyCount "123"]
[EventDate "2016.01.26"]
[EventType "swiss"]
[EventRounds "10"]
[EventCountry "GGB"]
[Source "www.saund.co.uk"]
[SourceDate "2005.02.07"]

1. e4 e5 2. Nf3 Nc6 3. Bb5 Nf6 4. O-O Nxe4 5. d4 Nd6 6. Bxc6 dxc6 7. dxe5 Nf5
8. Qxd8+ Kxd8 9. Nc3 Ke8 10. h3 h5 11. Rd1 Be7 12. Bg5 Be6 13. Rd3 Rd8 14.
Rxd8+ Kxd8 15. Rd1+ Ke8 16. b3 Bxg5 17. Nxg5 Ke7 18. Ne2 Bc8 19. Nf4 Rh6 20. g3
b6 21. c4 a5 22. c5 b5 23. Kg2 Ke8 24. Rd2 Ne7 25. f3 Be6 26. Ngxe6 fxe6 27. h4
Nd5 28. Nxd5 cxd5 29. c6 Rh8 30. Rc2 Kf7 31. Rc5 Rb8 32. g4 Kg6 33. a3 Kh6 34.
Kg3 Rb6 35. Kf4 Kg6 36. Ke3 Kh6 37. Kf4 Rb8 38. Kg3 Rb6 39. f4 hxg4 40. Kxg4 g6
41. Rc1 Rb8 42. Rc2 Rd8 43. Rd2 Rb8 44. Rd1 Rb6 45. Rc1 Rb8 46. Kf3 Kh5 47. Ke3
Rb6 48. Kd4 Kxh4 49. Kc5 Kg4 50. Rg1+ Kxf4 51. Rxg6 d4 52. Rxe6 d3 53. Re8 d2
54. Rd8 Rb8 55. Rxd2 Kxe5 56. b4 axb4 57. axb4 Ra8 58. Kxb5 Ke6 59. Rd7 Ra7 60.
Kc5 Ke5 61. b5 Ke6 62. Kb4 1-0

[Event "Tradewise Gibraltar Masters 14th"]
[Site "Gibraltar"]
[Date "2016.01.26"]
[Round "1.90"]
[White "Suez-Panama, Gilles"]
[Black "Almagro Llamas, Pablo"]
[Result "1/2-1/2"]
[WhiteElo "2032"]
[BlackElo "2429"]
[PlyCount "127"]
[EventDate "2016.01.26"]
[EventType "swiss"]
[EventRounds "10"]
[EventCountry "GGB"]
[Source "www.saund.co.uk"]
[SourceDate "2005.02.07"]

1. d4 Nf6 2. Nf3 e6 3. c4 b6 4. a3 Bb7 5. Nc3 d5 6. cxd5 Nxd5 7. Qc2 Be7 8. e4
Nxc3 9. bxc3 O-O 10. Bd3 c5 11. O-O Nc6 12. Bb2 Na5 13. Qe2 Rc8 14. Rad1 Qc7
15. d5 c4 16. Bb1 e5 17. Ne1 Rcd8 18. Nc2 b5 19. Ne3 g6 20. Ng4 h5 21. Ne3 Rfe8
22. g4 h4 23. Kh1 Bg5 24. Ng2 Qe7 25. Ne1 a6 26. h3 Bc8 27. Rg1 Nb7 28. Nf3 Bf4
29. Bc2 Bd7 30. Ra1 Nc5 31. a4 Nxa4 32. Bxa4 bxa4 33. Ba3 Qf6 34. g5 Qb6 35.
Rab1 Qa7 36. Nxh4 Bxh3 37. Qf3 Qd7 38. Rb7 Qxb7 39. Qxh3 Kg7 40. Nf5+ gxf5 41.
Qh6+ Kg8 42. Qf6 fxe4 43. g6 fxg6 44. Rxg6+ Kh7 45. Qf5 Qg7 46. Rxg7+ Kxg7 47.
Qxe4 Kf6 48. Kg2 Rg8+ 49. Kf3 Rh8 50. Qxc4 Rc8 51. Qxa6+ Kg5 52. Be7+ Kh5 53.
c4 Ra8 54. Qe6 a3 55. Qg4+ Kh6 56. Qh4+ Kg6 57. Qf6+ Kh5 58. Qf5+ Kh6 59. Qf6+
Kh5 60. Qf7+ Kh6 61. Qf6+ Kh5 62. Qf5+ Kh6 63. Qh3+ Kg6 64. Qe6+ 1/2-1/2

[Event "Tradewise Gibraltar Masters 14th"]
[Site "Gibraltar"]
[Date "2016.01.26"]
[Round "1.91"]
[White "Padmini, Rout"]
[Black "Moradi, Kimia"]
[Result "1-0"]
[WhiteElo "2427"]
[BlackElo "2024"]
[PlyCount "99"]
[EventDate "2016.01.26"]
[EventType "swiss"]
[EventRounds "10"]
[EventCountry "GGB"]
[Source "www.saund.co.uk"]
[SourceDate "2005.02.07"]

1. e4 e5 2. Nf3 Nc6 3. Bc4 Bc5 4. O-O Nf6 5. d3 O-O 6. Re1 a6 7. c3 d6 8. Bb3
Ne7 9. d4 exd4 10. cxd4 Ba7 11. h3 Ng6 12. Nc3 b5 13. e5 dxe5 14. dxe5 Qxd1 15.
Rxd1 Ne8 16. Ne4 h6 17. Bd5 Rb8 18. Bd2 c5 19. Be3 Nc7 20. Bxc5 Bxc5 21. Nxc5
Nxd5 22. Rxd5 Bb7 23. Nxb7 Rxb7 24. g3 Re8 25. Rc1 Rbe7 26. Rcc5 Re6 27. Kg2
Kf8 28. h4 Ne7 29. Rd6 Nf5 30. Rxe6 Rxe6 31. g4 Ne7 32. Nd4 Rb6 33. f4 Ke8 34.
Kf3 Kd7 35. Ke4 Rg6 36. Kf3 Rb6 37. Rc2 g6 38. Ke4 Rb8 39. Rd2 Ke8 40. f5 Rb6
41. h5 gxh5 42. gxh5 Nc6 43. Nxc6 Rxc6 44. Rd6 Rc2 45. Rxh6 a5 46. Rh8+ Kd7 47.
h6 Rxb2 48. h7 Rh2 49. f6 b4 50. e6+ 1-0

[Event "Tradewise Gibraltar Masters 14th"]
[Site "Gibraltar"]
[Date "2016.01.26"]
[Round "1.92"]
[White "Lindqvist, Roland"]
[Black "Santos Ruiz, Miguel"]
[Result "0-1"]
[WhiteElo "2018"]
[BlackElo "2427"]
[PlyCount "56"]
[EventDate "2016.01.26"]
[EventType "swiss"]
[EventRounds "10"]
[EventCountry "GGB"]
[Source "www.saund.co.uk"]
[SourceDate "2005.02.07"]

1. e4 c5 2. Nf3 e6 3. c3 Nf6 4. e5 Nd5 5. d4 cxd4 6. cxd4 d6 7. Nc3 Nxc3 8.
bxc3 Qc7 9. Bd2 Nd7 10. exd6 Bxd6 11. Bd3 b6 12. O-O Bb7 13. Re1 h6 14. Be4
Bxe4 15. Rxe4 Nf6 16. Re2 Rc8 17. Qa4+ Qd7 18. Qxd7+ Kxd7 19. Rc1 Rc4 20. Ne1
Nd5 21. g3 Rhc8 22. h4 Nxc3 23. Bxc3 Rxc3 24. Rxc3 Rxc3 25. Rc2 Rxc2 26. Nxc2
Kc6 27. Kf1 Kd5 28. Ke2 Kc4 0-1

[Event "Tradewise Gibraltar Masters 14th"]
[Site "Gibraltar"]
[Date "2016.01.26"]
[Round "1.93"]
[White "Neef, Maximilian"]
[Black "Korning, Peter"]
[Result "1-0"]
[WhiteElo "2423"]
[BlackElo "2015"]
[PlyCount "65"]
[EventDate "2016.01.26"]
[EventType "swiss"]
[EventRounds "10"]
[EventCountry "GGB"]
[Source "www.saund.co.uk"]
[SourceDate "2005.02.07"]

1. d4 d5 2. c4 e6 3. Nf3 c5 4. cxd5 exd5 5. g3 Nc6 6. Bg2 Nf6 7. O-O Be7 8.
dxc5 Bxc5 9. a3 Ne4 10. b4 Bb6 11. Bb2 O-O 12. Nc3 Nxc3 13. Bxc3 d4 14. Bb2 a6
15. Qd2 Qd6 16. e3 d3 17. Rfd1 Rd8 18. Ne1 Bg4 19. Qc3 Qh6 20. Rxd3 Re8 21. Rd6
f6 22. Qc4+ Kh8 23. Qxg4 Bxe3 24. fxe3 Qxe3+ 25. Kf1 Ne5 26. Bxe5 fxe5 27. Rd3
Rf8+ 28. Bf3 Qh6 29. Kg2 e4 30. Qxe4 Rae8 31. Qd4 Re6 32. Qh4 Qg6 33. Rd8 1-0

[Event "Tradewise Gibraltar Masters 14th"]
[Site "Gibraltar"]
[Date "2016.01.26"]
[Round "1.94"]
[White "Odeh, Kenneth"]
[Black "Nezad, Husein Aziz"]
[Result "0-1"]
[WhiteElo "2014"]
[BlackElo "2422"]
[PlyCount "54"]
[EventDate "2016.01.26"]
[EventType "swiss"]
[EventRounds "10"]
[EventCountry "GGB"]
[Source "www.saund.co.uk"]
[SourceDate "2005.02.07"]

1. e4 e5 2. Nf3 Nc6 3. Bb5 g6 4. O-O Bg7 5. c3 a6 6. Bxc6 dxc6 7. d4 exd4 8.
Nxd4 Ne7 9. Bg5 h6 10. Bh4 Qd7 11. Nb3 b6 12. Na3 c5 13. Qxd7+ Bxd7 14. Rfe1 g5
15. Bg3 O-O-O 16. Nc4 Be6 17. Ne3 a5 18. Nc1 Rd2 19. Nd1 Rhd8 20. Nb3 R2d7 21.
Ne3 a4 22. Nc1 a3 23. Ne2 axb2 24. Rab1 Rd2 25. Nf1 Bxa2 26. Nxd2 Rxd2 27. Kf1
Bc4 0-1

[Event "Tradewise Gibraltar Masters 14th"]
[Site "Gibraltar"]
[Date "2016.01.26"]
[Round "1.95"]
[White "Santiago, Yago De Moura"]
[Black "Henrichsen, Jens"]
[Result "1-0"]
[WhiteElo "2422"]
[BlackElo "2012"]
[PlyCount "69"]
[EventDate "2016.01.26"]
[EventType "swiss"]
[EventRounds "10"]
[EventCountry "GGB"]
[Source "www.saund.co.uk"]
[SourceDate "2005.02.07"]

1. d4 Nf6 2. c4 e6 3. Nf3 b6 4. g3 Ba6 5. Qc2 c5 6. d5 exd5 7. cxd5 Bb7 8. Bg2
g6 9. O-O Bg7 10. e4 O-O 11. Nc3 d6 12. Bf4 a6 13. a4 Nh5 14. Bg5 Bf6 15. Be3
Bc8 16. Nd2 Qc7 17. Nc4 Nd7 18. f4 Rb8 19. e5 dxe5 20. d6 Qd8 21. f5 e4 22.
Nxe4 Re8 23. Nxf6+ Nhxf6 24. Bg5 b5 25. axb5 axb5 26. fxg6 hxg6 27. Na5 c4 28.
Kh1 Rb6 29. Nc6 Rxc6 30. Bxc6 Qb6 31. Qg2 Ne5 32. Rxf6 Nxc6 33. Qd5 Be6 34.
Rxe6 Rxe6 35. d7 1-0